Word Ladder: PBS NewsHour Quiz Stats

 Plays Quiz not verified by Sporcle

Challenge
Share
Tweet
Embed
Score 0/26 Timer 03:00
0 Plays Today
Clue 4-Letter Word % Correct
Sound from a dogBARK
95.1%
Not quickSLOW
93.9%
A place to insert a coinSLOT
93.3%
NakedBARE
93.3%
To fail to entertain peopleBORE
92.6%
AchySORE
92%
EscapeFLEE
91.4%
Put into an orderSORT
91.4%
Fireplace dirtierSOOT
90.8%
A relative of a rabbitHARE
90.8%
Made like a birdFLEW
90.2%
Former FOX show about HS singersGLEE
89.6%
Get exhaustedTIRE
89.6%
Clue 4-Letter Word % Correct
Give a job toHIRE
89.6%
A ton of somethingSLEW
89%
A stabby fork bitTINE
88.3%
A songTUNE
87.7%
A narrow secluded valleyGLEN
86.5%
Cutty ___: A brand of whiskeySARK
86.5%
A flowing garment for Indian womenSARI
84.7%
InsensitiveRUDE
84.7%
Slang for a negative hostile state of mind'TUDE
82.2%
PBS NewsHour Weekend Anchor 2013-Present Sreenivasan•HARI•
81%
Sean Astin's Notre Dame football movieRUDY
81%
PBS NewsHour Co-Anchor 2013-2016 Ifill•GWEN•
72.4%
PBS NewsHour Co-Anchor 2013-Present Woodruff•JUDY•
70.6%

You're not logged in!

Compare scores with friends on all Sporcle quizzes.
Join for Free
OR
Log In

You Might Also Like...

Show Comments

Extras

Created Nov 14, 2016ReportNominate
Tags:4-letter, host, pbs

Top Quizzes Today


Score Distribution

Your Account Isn't Verified!

In order to create a playlist on Sporcle, you need to verify the email address you used during registration. Go to your Sporcle Settings to finish the process.

Report this User

Report this user for behavior that violates our Community Guidelines.

Details: